Dizionario grammaticale per il buon uso della lingua italiana

Salvato in:
Dettagli Bibliografici
Autore principale: Ceppellini, Vincenzo (Autore)
Natura: Libro
Lingua:italiano
Pubblicazione: Milán Giuseppe Sormani 1957
Soggetti:
Tags: Aggiungi Tag
Nessun Tag, puoi essere il primo ad aggiungerne!!

MARC

LEADER 00000nam a2200000 a 4500
001 UCT3252
003 CL-VaPUC
008 961018e19570000IT |||||||||||||||||ita|d
082 0 4 |a 455  |b CEP  |2 21 
100 0 |a Ceppellini, Vincenzo  |e author  |9 372176 
245 1 0 |a Dizionario grammaticale per il buon uso della lingua italiana 
300 |a 650 p 
942 |c BK 
945 |d 19961018 00:00:00  |a paguirre 
260 |a Milán  |b Giuseppe Sormani  |c 1957 
650 0 |a Diccionarios  |9 256200 
650 0 |a Italiano  |9 344614 
650 0 |a Gramática  |9 270497 
650 0 |a Morfología  |9 334440 
583 |a last modification  |c 19961018 00:00:00  |k Rodrigo Vera 
999 |c 252973  |d 252971